| 000 | 01130nam a2200241 4500 | ||
|---|---|---|---|
| 005 | 20210905230231.0 | ||
| 008 | 210905s1990 pe |||fr|||| 001 0 spa d | ||
| 020 | _a0929692659 | ||
| 040 |
_aCENDOC CAAAP _bspa _cCAAAP |
||
| 041 | _aspa | ||
| 050 |
_aJC 571 _bA49u |
||
| 245 |
_aUna guerra desesperada : _blos derechos humanos en el Perú después de una década de democracia y violencia |
||
| 250 | _a1ra ed. | ||
| 260 |
_aLima: _bComisión Andina de Juristas, _c1990 |
||
| 300 | _a130 p. | ||
| 500 | _aInforme de Américas Watch | ||
| 505 | _aContiene : Resumen y recomendaciones -- Las raíces y el alcance de la violencia en el Perú -- El poder judicial -- Condiciones penales -- Investigaciones del congreso de las violaciones de derechos humanos --- Violaciones de las leyes de guerra por los insurgentes --Violaciones a los derechos humanos en 1989 y 1990 -- Persecución de activistas de derechos humanos --El papel de los Estados Unidos. | ||
| 650 | 1 | 0 |
_925 _aViolencia Política |
| 650 | 2 | 0 |
_9381 _aDerechos Humanos |
| 650 | 2 | 0 |
_9517 _aDemocracia |
| 650 | 2 | 0 |
_92544 _aPoder Judicial |
| 942 |
_2lcc _b05 - 09 - 21 _cBK |
||
| 999 |
_c2346 _d2346 |
||